Normal view
MARC view
- Sayles, Leonard R
Entry Personal Name
001 - CONTROL NUMBER
- control field: 6406
003 - CONTROL NUMBER IDENTIFIER
- control field: OSt
005 - DATE AND TIME OF LATEST TRANSACTION
- control field: 20170519111449.0
008 - FIXED-LENGTH DATA ELEMENTS
- fixed length control field: 170519|| aca||aabn | a|a d
040 ## - CATALOGING SOURCE
- Original cataloging agency: OSt
- Transcribing agency: OSt
100 ## - HEADING--PERSONAL NAME
- Personal name: Sayles, Leonard R
670 ## - SOURCE DATA FOUND
- Source citation: Work cat.: (OSt)0: Sayles, Leonard R, Managing human resources /, 1981

PORTAL AKMAL
E-MEL JKDM
AKMAL2U
G-BAM
u-PUSTAKA